Análisis de los efectos causados por diafragmas internos en la estabilidad de columnas de sección hueca
Guardado en:
| Autor principal: | |
|---|---|
| Formato: | Libro |
| Publicado: |
[San José , Costa Rica]
1983
|
| Materias: | |
| Etiquetas: |
Agregar Etiqueta
Sin Etiquetas, Sea el primero en etiquetar este registro!
|
MARC
| LEADER | 00000nam a2200000Ia 4500 | ||
|---|---|---|---|
| 003 | 002172 | ||
| 005 | 20221231144418.0 | ||
| 008 | 140114s1983 cr a m 000 ||s d | ||
| 040 | |c cru CEDI | ||
| 090 | |a TFG 1341 | ||
| 100 | |a Hernández Mora, Gilberto |9 15244 | ||
| 245 | |a Análisis de los efectos causados por diafragmas internos en la estabilidad de columnas de sección hueca | ||
| 260 | |c 1983 |a [San José , Costa Rica] | ||
| 300 | |a viii, 173 hojas : ilustraciones ; 27 cm | ||
| 500 | |a Tesis (licenciatura en ingeniería civil)--Universidad de Costa Rica. Facultad de Ingeniería. Escuela de Ingeniería Civil | ||
| 650 | |x COLUMNAS |9 15245 | ||
| 942 | |c TFG | ||
| 999 | |c 21496 |d 21496 | ||
